Sports Quiz

Random Sports Quiz
Score 0/10 Timer 05:00
0 Plays Today
Games Played Name of Player % Correct
1207Davey Lopes
92.4%
1091Steve Sax
90.5%
749Jackie Robinson
85.7%
1054Jim Gilliam
61.9%
691Jim Lefebvre
31.4%
600Charlie Neal
17.1%
532Eddie Stanky
16.2%
830Tom Daly
1%
845George Cutshaw
0%
646John Hummel
0%
Come Together.
Have Fun.
All Virtual.
We all need to come together. Play Sporcle's virtual live trivia to have fun, connect with people, and get your trivia on. Join a live hosted trivia game for your favorite pub trivia experience done virtually. If a virtual private party is more your thing, go here for details.

You're not logged in!

Compare scores with friends on all Sporcle quizzes.
OR
Log In

Sporcle TV

Today on Sporcle TV


Watch our educational content, quiz creation guides, and fun videos on Sporcle TV.

Show Comments

Extras

Created Mar 8, 2011ReportNominate
Tags:Los Angeles Dodgers

Top Quizzes Today


Score Distribution

Paid Content

Your Account Isn't Verified!

In order to create a playlist on Sporcle, you need to verify the email address you used during registration. Go to your Sporcle Settings to finish the process.

Report this User

Report this user for behavior that violates our Community Guidelines.

Details: